00944cam a22002653a 45000010005000000030006000050050017000110080041000280400015000690420007000840500007000911000042000982450093001402600029002335050091002625060030003535160020003836530017004036530056004206530028004766530070005047000035005748300028006098560041006377120PGUSA20140828083141.0041201s2004||||xxu|||||s|||||000 1 eng d aPGUSAbeng adc 4aPG1 aTurgenev, Ivan Sergeevich,d1818-188310aKnock, Knock, Knock and other storiesh[electronic resource] /cIvan Sergeevich Turgenev bProject Gutenberg,c20040 aKnock, knock, knock -- The inn -- Lieutenant Yergunov's story -- The dog -- The watch. aPublic domain in the USA. aElectronic text aHorror tales aShort stories, Russian -- Translations into English aSupernatural -- Fiction aTurgenev, Ivan Sergeevich, 1818-1883 -- Translations into English1 aGarnett, Constance,d1861-1946 0aProject Gutenbergv712040uhttp://www.gutenberg.org/ebooks/7120